|
|
|
|
| LEADER |
05058nam a22003973i 4500 |
| 001 |
EBC6955760 |
| 003 |
MiAaPQ |
| 005 |
20231204023223.0 |
| 006 |
m o d | |
| 007 |
cr cnu|||||||| |
| 008 |
231204s2015 xx o ||||0 ger d |
| 020 |
|
|
|a 9783839408377
|q (electronic bk.)
|
| 020 |
|
|
|z 9783899428377
|
| 035 |
|
|
|a (MiAaPQ)EBC6955760
|
| 035 |
|
|
|a (Au-PeEL)EBL6955760
|
| 035 |
|
|
|a (OCoLC)1295914680
|
| 040 |
|
|
|a MiAaPQ
|b eng
|e rda
|e pn
|c MiAaPQ
|d MiAaPQ
|
| 100 |
1 |
|
|a Eggmann, Sabine.
|
| 245 |
1 |
0 |
|a »Kultur«-Konstruktionen :
|b Die gegenwärtige Gesellschaft im Spiegel volkskundlich-kulturwissenschaftlichen Wissens.
|
| 250 |
|
|
|a 1st ed.
|
| 264 |
|
1 |
|a Bielefeld :
|b transcript,
|c 2015.
|
| 264 |
|
4 |
|c {copy}2015.
|
| 300 |
|
|
|a 1 online resource (353 pages)
|
| 336 |
|
|
|a text
|b txt
|2 rdacontent
|
| 337 |
|
|
|a computer
|b c
|2 rdamedia
|
| 338 |
|
|
|a online resource
|b cr
|2 rdacarrier
|
| 490 |
1 |
|
|a Science Studies
|
| 505 |
0 |
|
|a Cover »Kultur«-Konstruktionen -- INHALT -- DANK -- EINLEITUNG: Irritationen -- Kultur-Konjunkturen: Begriffliche Inflation und Deflation von »Kultur« -- Krise der volkskundlichen Autorität: »Plapperkrähen« -- Krise des kulturwissenschaftlichen Wissens: »Writing Culture« -- Irritationen- Wie weiter? -- 1. KAPITEL: Shifting Grounds: Kontextualisierung(en) und Wahl der Forschungsperspektive -- Kontextualisierung(en): Wechselnde Blicke -- Was ist »kulturwissenschaftliches« Wissen? - »Fiktion« oder »Wahrheit«? -- Was ist »Kultur«?- Wissenschaftliches oder politisches »Interpretament«? -- Wer braucht die Geistes- und Sozialwissenschaften? - Kritische Nachfragen, oder: Legitimationskrise -- Was- und wer- ist »Kulturwissenschaft«? - Von der »Neuorientierung« der Geistes- und Sozialwissenschaften als »Kultur«wissenschaften -- Resumee: »In welcher Gesellschaft leben wir eigentlich?« - Von der Konkurrenz des Wissens zur Politik des Wissens -- Festlegung der Forschungsperspektive: Positionswechsel -- Revisited Evidence: Fragestellung, Blickrichtungen und Erkenntnisinteresse -- Die Volkskunde als Fallbeispiel: Methode und Material -- Positionierung der Untersuchung und Subjektposition der Forscherin: Erkenntnispotential und Erkenntniswert -- »Gang der Arbeit«: Thesen -- 2. KAPITEL: »Kultur«-Konstruktionen: Wissensarbeit -- Drei Forschungsfelder: Wir und die Welt -- Sachkulturforschung: Wir und die Materialität -- Stadtforschung: Wir und die Physis -- Fachliche Theorie und Programmatik: Wir als Menschen -- Resumee: Die »Gesellschaft« als Gegenstand der volkskundlichen Wissensarbeit -- Das volkskundliche Formationsfeld -- Innere und äussere Differenz(setzung)en: Interne Differenzierung - externe Oppositionierung -- Die fachlichen Kompetenzen der Volkskunde: als Orientierungsinstanz der Gesellschaft.
|
| 505 |
8 |
|
|a Die fachlichen Kompetenzen der Volkskunde: als Mittel zur individuellen wie gesellschaftlichen Selbsterkenntnis -- Die fachlichen Kompetenzen der Volkskunde: als Gedächtnis der Gesellschaft -- Externe Oppositionierung -- Setzung von Differenzen als disziplinäre Differenzierung -- Leitdifferenzen: »statisch«/»dynamisch« -- Formationsregel: Das »Vielnamenfach« und die Disziplinierung von »Kultur« -- Diskursive Achsenkonstruktion: Dreischenkliges Spannungsfeld -- 3. KAPITEL: Die Konstruktion der Volkskunde: ldentitätspolitik -- Konkurrenzmanagement -- Komplexitätsmanagement -- Kompetenzmanagement -- Differenzmanagement -- Resumee: Integrative Abgrenzung -- 4. KAPITEL: »Kultur« als Relationierungsformel -- Wissensarbeit Formierung der volkskundlichkulturwissenschaftlichen Episteme -- Das Angebot der Volkskunde: Gesellschaftliches Krisenmanagement durch »kulturwissenschaftliche« Orientierung -- Identitätspolitik: Stabilisierung der »kulturwissenschaftlichen Volkskunde« als universitäre Disziplin und gesellschaftliche Wissensinstitution -- Resumee: Diskursive Verschmelzung von volkskundlicher Wissensarbeit, Identitätspolitik und gesellschaftlicher Orientierung -- 5. KAPITEL: Die Volkskunde als Fall-Beispiel: Konkurrenz der gesellschaftlichen Selbstbeschreibung in der späten Moderne -- Die Volkskunde als Fall -- »Kultur« als Instrument gesellschaftlicher Selbstimagination -- Kulturwissenschaft als Wissenschaft dieser Gesellschaft -- Die Volkskunde als Beispiel -- Die der Volkskunde eigene »Kultur« -- Fachliche Spezifizierung durch moralische Selbstqualifizierung -- Fazit und Ausblick -- Literatur.
|
| 588 |
|
|
|a Description based on publisher supplied metadata and other sources.
|
| 590 |
|
|
|a Electronic reproduction. Ann Arbor, Michigan : ProQuest Ebook Central, 2023. Available via World Wide Web. Access may be limited to ProQuest Ebook Central affiliated libraries.
|
| 655 |
|
4 |
|a Electronic books.
|
| 776 |
0 |
8 |
|i Print version:
|a Eggmann, Sabine
|t »Kultur«-Konstruktionen
|d Bielefeld : transcript,c2015
|z 9783899428377
|
| 797 |
2 |
|
|a ProQuest (Firm)
|
| 830 |
|
0 |
|a Science Studies
|
| 856 |
4 |
0 |
|u https://ebookcentral.proquest.com/lib/matrademy/detail.action?docID=6955760
|z Click to View
|